000 01756nam a2200349 i 4500
001 768714001
003 CO-MdFUSB
005 20231129123540.0
007 ta
008 230922t19841984spa||||g |||| 00| 0 spa d
020 _a8472289303
040 _aCO-MdFUSB
_bspa
_cCO-MdFUSB
_dCO-MdFUSBC
_erda
041 _aspa
082 _223
_a225.92
_bT463
100 _aThomas, W. H. Griffith,
_eautor
245 1 3 _aEl apóstol Pedro
_b : bosquejos sobre su vida, carácter y escritos
_c/ W. H. Griffith Thomas
250 _aversión española Samuel Vila
264 1 _aBarcelona, España :
_bClie,
_c[1984]
264 _c© 1984
300 _a308 páginas
_c; 21 cm.
336 _2rdacontent
_atexto
_btxt
337 _2rdamedia
_asin mediación
_bn
338 _2rdacarrier
_avolumen
_bnc
504 _aIncluye índice.
505 _aI. La conversión -- II. El llamamiento al ministerio -- III. La gran confesión -- IV. La transfiguración -- V. Una lección de perdón -- LI. El solemne aviso -- VII. La negación -- VIII. El poder pentecostal -- IX. La oposición -- X. Simón Pedro y Simón el mago.
520 _aProbablemente el estudio más completo de que se dispone no solamente de la vida del gran apóstol, sino también de sus epístolas. La biografía de Pedro es de suma importancia en el estudio del nuevo testamento, y, de manera particular, en la transformación que la gracia divina ejerce en cada uno de nosotros. Un libro excelente como comentario, como biografía, como base de estudio bíblico, como modelo de hermenéutica, fuente de sermones y devocional.
563 _aRústico
600 0 _aPedro
_cSanto
_xVida religiosa y costumbres
630 0 7 _aBiblia
_vComentarios
942 _cBK
945 _asor1564
999 _c69023
_d69023